ბათუმის შოთა რუსთაველის სახელმწიფო უნივერსიტეტის ბიბლიოთეკა

საქართველო: IV- VIII საუკუნეებში / (ბიბ.ჩანაწერი № 54656)

000 -ლიდერი
ფიქსირებული სიგრძის საკონტროლო ველი 01172nam a2200241Ia 4500
001 - საკონტროლო ნომერი
საკონტროლო ველი 21723
003 - საკონტროლო ნომრის იდენტიფიკატორი
საკონტროლო ველი GE_BSU
005 - ბოლო ოპერაციის თარიღი და დრო
საკონტროლო ველი 20230607114456.0
008 - ფიქსირებული სიგრძის მონაცემთა ელემენტები - ზოგადი ინფორმაცია
ფიქსირებული სიგრძის საკონტროლო ველი 181216s2004ge xx |||||||||||||| ||geo||
041 ## - ენის კოდი
Language code of text/sound track or separate title geo
080 ## - უნივერსალური ათობითი კლასიფიკაციის ინდექსი
Universal Decimal Classification number 94(479.22)"03/07" მ-92
100 ## - მთავარი ჩანაწერი - პიროვნების სახელი
Personal name მუსხელიშვილი, დ.
9 (RLIN) 3201
245 ## - ცნობა სათაურის შესახებ
Title საქართველო: IV- VIII საუკუნეებში /
Statement of responsibility, etc დავით მუსხელიშვილი; [რედ. დ. ბერძენიშვილი].
264 ## - წარმოების, გამოცემის, დისტრიბუციის და სხვა ცნობები
გამოცემის, წარმოების, დისტრიბუციის... ადგილი თბილისი,
გამოცემის, წარმოების, დისტრიბუციის... თარიღი 2003.
300 ## - ფიზიკური აღწერა
Extent 460 გვ.:
Other physical details 22 სმ.
653 ## - INDEX TERM--UNCONTROLLED
Uncontrolled term საქართველო IV- VIII საუკუნეებში
653 ## - INDEX TERM--UNCONTROLLED
Uncontrolled term საქართველოს ისტორია
700 ## - ADDED ENTRY--PERSONAL NAME
Personal name ბერძენიშვილი, დ.
Relator term რედაქტორი
9 (RLIN) 1470
710 ## - ADDED ENTRY--CORPORATE NAME
Corporate name or jurisdiction name as entry element ქრისტ. კვლევის საერთ. ცენტრი
9 (RLIN) 18522
710 ## - ADDED ENTRY--CORPORATE NAME
Corporate name or jurisdiction name as entry element ივ.ჯავახიშვილის სახ.ისტორიისა და ეთნოლოგიის ინსტიტუტი
9 (RLIN) 18523
942 ## - ADDED ENTRY ELEMENTS (KOHA)
Koha item type წიგნი
Source of classification or shelving scheme
ეგზემპლარები
ჩამოწერის სტატუსი დაკარგული ეგზემპლარის სტატუსი კლასიფიკაციის წყარო ან თაროზე გაწყობის სქემა დაზიანების სტატუსი არ გაიცემა მუდმივი მდებარეობა (დაცვის ადგილი) ამჟამინდელი ადგილსამყოფელი თაროზე განთავსების ადგილი შეძენის თარიღი ღირებულება, შესყიდვის ნორმალური ფასი სრული შენახვის შიფრი შტრიხკოდი ბოლო ოპერაციის თარიღი ეგზემპლარის მიმდევრობითი ნომერი (კეტერი?) ფასის ძალაში შესვლის თარიღი ეგზემპლარის სახეობა საჯარო შენიშვნა Uniform Resource Identifier
          ბათუმის შოთა რუსთაველის სახელმწიფო უნივერსიტეტის მთავარი ბიბლიოთეკა ბათუმის შოთა რუსთაველის სახელმწიფო უნივერსიტეტის მთავარი ბიბლიოთეკა წიგნსაცავი 2018-12-17 13.45 94(479.22)''03/07'' მ-92 00495 2018-12-17 00495 2018-12-17 ქსეროასლი 13 ლ. 45 თ.  
          ბათუმის შოთა რუსთაველის სახელმწიფო უნივერსიტეტის მთავარი ბიბლიოთეკა ბათუმის შოთა რუსთაველის სახელმწიფო უნივერსიტეტის მთავარი ბიბლიოთეკა წიგნსაცავი 2023-06-07 8.00 94(479.22)''03/07'' მ-92 64544 2023-06-07 64544 2023-06-07 წიგნი 8.00 ბსუ-ს საპატიო დოქტორის გურამ ლორთქიფანიძის საჩუქარი